[Event "Pacific Southwest op"]
[Site "Irvine"]
[Date "2016.07.03"]
[Round "3"]
[White "Yang, Darwin"]
[Black "Duckworth, William Mark"]
[Result "1-0"]
[WhiteElo "2495"]
[BlackElo "2185"]
[PlyCount "39"]
[EventDate "2016.07.02"]
[EventType "swiss"]
[EventRounds "6"]
[EventCountry "USA"]
[SourceTitle "CBM 173 Extra"]
[Source "ChessBase"]
[SourceDate "2016.08.29"]
[SourceVersion "1"]
[SourceVersionDate "2016.08.29"]
[SourceQuality "1"]

1. d4 d5 2. c4 c6 3. Nf3 Nf6 4. Nc3 a6 5. c5 Nbd7 6. Bf4 Nh5 7. Bd2 g6 8. Qc2 Bg7 9. g4 Nhf6 10. h3 Qc7 11. g5 Nh5 12. e3 e5 13. Na4 exd4 14. Nxd4 0-0 15. 0-0-0 b5 16. cxb6 Nxb6 17. Ba5 Rb8 18. Nxb6 Rxb6 19. Qc5 Bxd4 20. Rxd4 1-0

[Event "Pacific Southwest op"]
[Site "Irvine"]
[Date "2016.07.02"]
[Round "2"]
[White "Duckworth, William Mark"]
[Black "Peters, Jack"]
[Result "1/2-1/2"]
[WhiteElo "2185"]
[BlackElo "2342"]
[PlyCount "75"]
[EventDate "2016.07.02"]
[EventType "swiss"]
[EventRounds "6"]
[EventCountry "USA"]
[SourceTitle "CBM 173 Extra"]
[Source "ChessBase"]
[SourceDate "2016.08.29"]
[SourceVersion "1"]
[SourceVersionDate "2016.08.29"]
[SourceQuality "1"]

1. d4 Nf6 2. Bg5 d5 3. Bxf6 exf6 4. e3 Bd6 5. g3 0-0 6. Bg2 c6 7. Ne2 Re8 8. 0-0 Nd7 9. Nd2 f5 10. c4 dxc4 11. Nxc4 Bf8 12. Nc3 Nf6 13. Qd3 Be6 14. Rfd1 Qe7 15. a3 Rad8 16. Na5 Nd5 17. b4 Nxc3 18. Qxc3 Bd5 19. Qc5 a6 20. Qxe7 Rxe7 21. Bxd5 Rxd5 22. Kg2 Red7 23. Rdc1 Be7 24. Nc4 Bd8 25. Ne5 Re7 26. Rc5 Rd6 27. Nc4 Rf6 28. Re5 Kf8 29. Rc1 Rd7 30. Rc5 Bc7 31. Nb2 Bd6 32. R5c3 Ke8 33. Nd3 Re7 34. h4 Rd7 35. Kf3 Re6 36. a4 Ree7 37. Rb3 Rc7 38. Ra1 1/2-1/2

[Event "Southern California-ch cand"]
[Site "Beverly Hills"]
[Date "2016.06.11"]
[Round "1"]
[White "Duckworth, William Mark"]
[Black "Chen, Ke"]
[Result "1-0"]
[WhiteElo "2185"]
[BlackElo "2079"]
[PlyCount "109"]
[EventDate "2016.06.11"]
[EventType "swiss"]
[EventRounds "4"]
[EventCountry "USA"]
[SourceTitle "EXT 2018"]
[Source "ChessBase"]
[SourceDate "2017.10.13"]
[SourceVersion "1"]
[SourceVersionDate "2017.10.13"]
[SourceQuality "1"]

1. d4 Nf6 2. Bg5 d5 3. Bxf6 exf6 4. e3 Bd6 5. g3 0-0 6. Bg2 c6 7. Ne2 Bg4 8. 0-0 Nd7 9. Nd2 f5 10. f3 Bh5 11. Nf4 Bxf4 12. exf4 Re8 13. h4 f6 14. Bh3 Bg6 15. c3 Qb6 16. Qc2 Re2 17. Rfe1 Rae8 18. Rxe2 Rxe2 19. Bf1 Re7 20. b4 Qd8 21. Bd3 Qe8 22. Nf1 Nb6 23. Kf2 Nc4 24. Bxc4 dxc4 25. Qd2 Bf7 26. a4 Bd5 27. Re1 g6 28. Rxe7 Qxe7 29. a5 a6 30. Ne3 Kf7 31. Qe2 Qe6 32. Qc2 Qd7 33. Qb1 Qc8 34. b5 axb5 35. Nxd5 cxd5 36. Qxb5 Ke6 37. Qb6+ Ke7 38. Qb4+ Kd7 39. Ke3 h5 40. Kd2 Qc6 41. Kc2 Kc7 42. Kb2 Qe6 43. Qc5+ Kb8 44. Ka3 Qe1 45. Qd6+ Kc8 46. Kb4 Qa1 47. Qc5+ Kb8 48. Qb6 Qb2+ 49. Kc5 Qxc3 50. Kxd5 Qb3 51. Qd6+ Ka7 52. Qc5+ Kb8 53. Qxc4 Qxf3+ 54. Kc5 Qxg3 55. Kb6 1-0

[Event "Memorial Day Classic"]
[Site "Ontario"]
[Date "2016.05.30"]
[Round "5"]
[White "Wang, Philip Xiao"]
[Black "Duckworth, William Mark"]
[Result "1-0"]
[WhiteElo "2386"]
[BlackElo "2185"]
[PlyCount "65"]
[EventDate "2016.05.28"]
[EventType "swiss"]
[EventRounds "6"]
[EventCountry "USA"]
[SourceTitle "CBM 172 Extra"]
[Source "ChessBase"]
[SourceDate "2016.06.21"]
[SourceVersion "1"]
[SourceVersionDate "2016.06.21"]
[SourceQuality "1"]

1. d4 d5 2. c4 c6 3. Nf3 Nf6 4. e3 a6 5. Bd2 g6 6. Bd3 Bg7 7. 0-0 0-0 8. Nc3 Bg4 9. h3 Bxf3 10. Qxf3 b5 11. cxd5 cxd5 12. Qe2 Nc6 13. f4 e6 14. Rfc1 Qb6 15. a4 b4 16. a5 Nxa5 17. Na4 Qd6 18. Nc5 Nc6 19. Rxa6 Rxa6 20. Bxa6 Ne4 21. Nxe4 dxe4 22. Qc4 Nxd4 23. Bxb4 Ne2+ 24. Kf2 Qxb4 25. Qxb4 Nxc1 26. Qxe4 Rb8 27. b4 Na2 28. b5 Nc3 29. Qc4 Nd5 30. Kf3 f5 31. Bc8 Nf6 32. Qxe6+ Kh8 33. b6 1-0

[Event "USA tt"]
[Site "ICC INT"]
[Date "2014.09.09"]
[Round "3"]
[White "Duckworth, William Mark"]
[Black "Defibaugh, Jared E"]
[Result "1/2-1/2"]
[WhiteElo "2224"]
[BlackElo "2236"]
[PlyCount "76"]
[EventDate "2014.08.26"]
[EventType "team-tourn"]
[EventRounds "10"]
[EventCountry "USA"]
[SourceTitle "CBM 162 Extra"]
[Source "ChessBase"]
[SourceDate "2014.10.17"]
[SourceVersion "1"]
[SourceVersionDate "2014.10.17"]
[SourceQuality "1"]
[WhiteTeam "Los Angeles"]
[BlackTeam "Baltimore"]
[WhiteTeamCountry "USA"]
[BlackTeamCountry "USA"]

1. d4 Nf6 2. Bg5 d5 3. Bxf6 exf6 4. e3 Bd6 5. g3 c6 6. Bg2 h5 7. h4 Qb6 8. b3 Bg4 9. Ne2 Nd7 10. Qd3 0-0-0 11. Nd2 Rhe8 12. Bf3 g6 13. Bxg4 hxg4 14. h5 Rh8 15. 0-0-0 f5 16. c4 Qa6 17. Kb1 Nf6 18. hxg6 fxg6 19. Qc2 Bb4 20. Rxh8 Rxh8 21. Nf4 Bxd2 22. Nxg6 Ne4 23. Nxh8 Qa5 24. c5 Nc3+ 25. Ka1 Nxd1 26. Qxf5+ Kb8 27. Qf8+ Kc7 28. Qf4+ Kd8 29. Qf6+ Kc7 30. Qg7+ Kb8 31. Qf8+ Kc7 32. Qd6+ Kc8 33. Qe6+ Kc7 34. Qe5+ Kc8 35. Qf5+ Kb8 36. Qf8+ Kc7 37. Qg7+ Kb8 38. Qf8+ Kc7 1/2-1/2

[Event "Ontario Grumette Memorial"]
[Site "Ontario"]
[Date "2014.05.26"]
[Round "6"]
[White "Stein, Jeremy A"]
[Black "Duckworth, William Mark"]
[Result "0-1"]
[WhiteElo "2137"]
[BlackElo "2303"]
[PlyCount "120"]
[EventDate "2014.05.24"]
[EventType "swiss"]
[EventRounds "6"]
[EventCountry "USA"]
[SourceTitle "EXT 2018"]
[Source "ChessBase"]
[SourceDate "2017.10.13"]
[SourceVersion "1"]
[SourceVersionDate "2017.10.13"]
[SourceQuality "1"]

1. d4 Nf6 2. c4 c5 3. d5 e5 4. Nc3 d6 5. e4 Nbd7 6. g3 g6 7. Bg2 Bg7 8. Nge2 0-0 9. 0-0 Nh5 10. f4 exf4 11. gxf4 f5 12. exf5 gxf5 13. Qd3 a6 14. a4 Qe8 15. Bd2 Ndf6 16. Rae1 Qg6 17. Kh1 Bd7 18. Ng3 Nxg3+ 19. Qxg3 Kf7 20. Bf3 Rab8 21. Rg1 Rfe8 22. Rxe8 Qxg3 23. Re7+ Kxe7 24. hxg3 Ne8 25. g4 fxg4 26. Bxg4 Bxg4 27. Rxg4 Bd4 28. Kg2 Kf7 29. Ne4 Bxb2 30. Ng5+ Ke7 31. Nxh7 b5 32. axb5 axb5 33. cxb5 Rxb5 34. f5 Be5 35. Bg5+ Kf7 36. Ra4 Rb7 37. Bd8 Bf6 38. Ra8 Bxd8 39. Rxd8 Ke7 40. Ra8 Nf6 41. Nxf6 Kxf6 42. Re8 Kxf5 43. Re6 Rb2+ 44. Kf3 Rd2 45. Rxd6 Ke5 46. Ke3 Rh2 47. Rd8 Rh3+ 48. Kd2 Kd4 49. d6 Rh2+ 50. Ke1 Rh1+ 51. Ke2 c4 52. Rc8 Rh2+ 53. Kf3 Rh7 54. Rc7 Rh6 55. d7 Rd6 56. Kf4 Rd5 57. Kf3 Kd3 58. Kf4 c3 59. Kf3 Rd4 60. Rc8 Rxd7 0-1

[Event "Pacific Southwest op 53rd"]
[Site "Los Angeles"]
[Date "2013.07.05"]
[Round "2"]
[White "Duckworth, William Mark"]
[Black "Carlson, Mike"]
[Result "1/2-1/2"]
[WhiteElo "2246"]
[BlackElo "2050"]
[PlyCount "33"]
[EventDate "2013.07.05"]
[EventType "swiss"]
[EventRounds "6"]
[EventCountry "USA"]
[SourceTitle "CBM 155 Extra"]
[Source "ChessBase"]
[SourceDate "2013.08.26"]
[SourceVersion "1"]
[SourceVersionDate "2013.08.26"]
[SourceQuality "1"]

1. d4 f5 2. g4 fxg4 3. e4 e5 4. Bc4 exd4 5. Bxg8 Rxg8 6. h3 Qh4 7. Qxd4 Nc6 8. Qc4 Rh8 9. Bf4 Qf6 10. Ne2 Qxb2 11. 0-0 Qb4 12. Qd3 d6 13. Nbc3 Ne5 14. Qg3 c6 15. hxg4 Qa5 16. Rab1 Qc7 17. Nd4 1/2-1/2

[Event "Los Angeles Metropolitan 25th"]
[Site "Los Angeles"]
[Date "2013.03.23"]
[Round "8"]
[White "Duckworth, William Mark"]
[Black "Akopyan, Harutyun"]
[Result "1/2-1/2"]
[WhiteElo "2256"]
[BlackElo "2211"]
[PlyCount "39"]
[EventDate "2013.03.20"]
[EventType "tourn"]
[EventRounds "10"]
[EventCountry "USA"]
[EventCategory "3"]
[SourceTitle "CBM 153 Extra"]
[Source "ChessBase"]
[SourceDate "2013.04.22"]
[SourceVersion "1"]
[SourceVersionDate "2013.04.22"]
[SourceQuality "1"]

1. d4 Nf6 2. c4 e6 3. g3 d5 4. Nf3 Be7 5. Bg2 0-0 6. 0-0 c6 7. Nbd2 b6 8. Qc2 Bb7 9. b3 Nbd7 10. Bb2 Qc7 11. e4 dxe4 12. Nxe4 Nxe4 13. Qxe4 Nf6 14. Qe2 c5 15. Rad1 cxd4 16. Nxd4 Bxg2 17. Kxg2 Rad8 18. Qf3 Rc8 19. Rd3 a6 20. Rfd1 1/2-1/2

[Event "Los Angeles Metropolitan 25th"]
[Site "Los Angeles"]
[Date "2013.03.20"]
[Round "2"]
[White "Duckworth, William Mark"]
[Black "Matikozian, Andranik"]
[Result "0-1"]
[WhiteElo "2256"]
[BlackElo "2429"]
[PlyCount "74"]
[EventDate "2013.03.20"]
[EventType "tourn"]
[EventRounds "10"]
[EventCountry "USA"]
[EventCategory "3"]
[SourceTitle "CBM 153 Extra"]
[Source "ChessBase"]
[SourceDate "2013.04.22"]
[SourceVersion "1"]
[SourceVersionDate "2013.04.22"]
[SourceQuality "1"]

1. d4 c5 2. d5 e6 3. e4 exd5 4. exd5 d6 5. Nc3 Nf6 6. Be2 g6 7. Nf3 Bg7 8. 0-0 0-0 9. Bf4 Bg4 10. Nd2 Bxe2 11. Qxe2 Nh5 12. Be3 Nd7 13. Nc4 Ne5 14. g4 Nxc4 15. Qxc4 Qh4 16. Qe2 Nf6 17. f3 Rfe8 18. Qf2 Qh3 19. Rad1 Nxg4 20. fxg4 Qxe3 21. Rd3 Qxf2+ 22. Kxf2 Re7 23. Re1 Rxe1 24. Kxe1 Re8+ 25. Ne2 Re4 26. h3 Bxb2 27. Rb3 Rb4 28. c3 Rxb3 29. axb3 b5 30. Kd2 b4 31. cxb4 cxb4 32. Kd3 Kg7 33. Kc4 Kf6 34. Nf4 Bc3 35. Nd3 a6 36. Nxb4 Bxb4 37. Kxb4 Kg5 0-1

[Event "Los Angeles Metropolitan 22nd"]
[Site "Los Angeles"]
[Date "2012.10.13"]
[Round "7"]
[White "Duckworth, William Mark"]
[Black "Kavutskiy, Konstantin"]
[Result "0-1"]
[WhiteElo "2281"]
[BlackElo "2287"]
[PlyCount "114"]
[EventDate "2012.10.10"]
[EventType "tourn"]
[EventRounds "9"]
[EventCountry "USA"]
[EventCategory "2"]
[SourceTitle "EXT 2013"]
[Source "ChessBase"]
[SourceDate "2012.11.22"]
[SourceVersion "1"]
[SourceVersionDate "2012.11.22"]
[SourceQuality "1"]

1. d4 d6 2. e4 Nf6 3. Nc3 c6 4. Be3 Nbd7 5. Qd2 e5 6. Nge2 Be7 7. f3 0-0 8. d5 Nb6 9. b3 Re8 10. h3 cxd5 11. exd5 Bf5 12. g4 Bg6 13. h4 Rc8 14. h5 Bxc2 15. g5 e4 16. f4 Ng4 17. Bh3 Nxe3 18. Bxc8 Ng2+ 19. Kf1 Nxf4 20. Bg4 Bxg5 21. Qxc2 Qf6 22. Rh2 Nbxd5 23. Kg1 Nxe2+ 24. Bxe2 Nxc3 25. Rf1 Qe5 26. Kh1 Nxe2 27. Qxe2 d5 28. Qg4 f6 29. h6 e3 30. Qd7 Qe4+ 31. Kg1 gxh6 32. Re2 Re7 33. Qc8+ Kg7 34. Rd1 d4 35. Qc4 Rd7 36. Qb5 Qg4+ 37. Kh1 a6 38. Qc4 Qh5+ 39. Kg2 Qg4+ 40. Kh1 Qf3+ 41. Kg1 Qd5 42. Qd3 Qb5 43. Qxb5 axb5 44. Rd3 Kg6 45. Kg2 Kf5 46. Kf3 Ke5 47. Rc2 Kd5 48. Rc1 Re7 49. Ke2 f5 50. Rc8 Re4 51. Rc7 Rh4 52. Rd7+ Ke5 53. Rd1 Rh2+ 54. Kd3 f4 55. Rf7 Bh4 56. Rxb7 f3 57. Rxb5+ Kf4 0-1

[Event "Los Angeles Metropolitan 22nd"]
[Site "Los Angeles"]
[Date "2012.10.12"]
[Round "5"]
[White "Duckworth, William Mark"]
[Black "Matikozian, Andranik"]
[Result "1/2-1/2"]
[WhiteElo "2281"]
[BlackElo "2411"]
[PlyCount "32"]
[EventDate "2012.10.10"]
[EventType "tourn"]
[EventRounds "9"]
[EventCountry "USA"]
[EventCategory "2"]
[SourceTitle "EXT 2013"]
[Source "ChessBase"]
[SourceDate "2012.11.22"]
[SourceVersion "1"]
[SourceVersionDate "2012.11.22"]
[SourceQuality "1"]

1. d4 Nf6 2. Nc3 d5 3. Bg5 Bf5 4. Bxf6 gxf6 5. e3 e6 6. Bd3 Bxd3 7. cxd3 c6 8. Nge2 Nd7 9. h3 Bd6 10. Qb3 Qb6 11. Qxb6 axb6 12. Kd2 b5 13. a3 Ke7 14. g3 h5 15. g4 hxg4 16. hxg4 Rxh1 1/2-1/2

[Event "Los Angeles Metropolitan 22nd"]
[Site "Los Angeles"]
[Date "2012.10.12"]
[Round "4"]
[White "Manukian, Garuch"]
[Black "Duckworth, William Mark"]
[Result "1-0"]
[WhiteElo "2260"]
[BlackElo "2281"]
[PlyCount "57"]
[EventDate "2012.10.10"]
[EventType "tourn"]
[EventRounds "9"]
[EventCountry "USA"]
[EventCategory "2"]
[SourceTitle "EXT 2013"]
[Source "ChessBase"]
[SourceDate "2012.11.22"]
[SourceVersion "1"]
[SourceVersionDate "2012.11.22"]
[SourceQuality "1"]

1. d4 c5 2. e3 Nf6 3. Nf3 e6 4. Be2 b6 5. 0-0 Bb7 6. c4 d5 7. b3 Nbd7 8. Bb2 Be7 9. Nbd2 0-0 10. Ne5 Nxe5 11. dxe5 Nd7 12. f4 Qc7 13. Bf3 Rfd8 14. cxd5 exd5 15. Qc2 f6 16. Qf5 Qc6 17. e4 d4 18. exf6 Qxf6 19. Qg4 Qf7 20. e5 Bxf3 21. Rxf3 Qg6 22. Qh3 Qc2 23. Qe6+ Kh8 24. Nc4 Bf8 25. a4 a6 26. Rc1 Qe2 27. Qf5 g6 28. Qb1 d3 29. e6+ 1-0

[Event "Los Angeles Metropolitan 20th"]
[Site "Los Angeles"]
[Date "2012.07.15"]
[Round "8"]
[White "Duckworth, William Mark"]
[Black "Remlinger, Larry"]
[Result "1/2-1/2"]
[WhiteElo "2302"]
[BlackElo "2333"]
[PlyCount "48"]
[EventDate "2012.07.11"]
[EventType "tourn"]
[EventRounds "9"]
[EventCountry "USA"]
[EventCategory "1"]
[SourceTitle "CBM 149 Extra"]
[Source "ChessBase"]
[SourceDate "2012.08.24"]
[SourceVersion "1"]
[SourceVersionDate "2012.08.24"]
[SourceQuality "1"]

1. d4 Nf6 2. Nc3 d5 3. Bg5 Nbd7 4. Nf3 e6 5. e4 h6 6. Bxf6 Nxf6 7. Qe2 Be7 8. 0-0-0 dxe4 9. Nxe4 Nxe4 10. Qxe4 Qd5 11. Qxd5 exd5 12. Re1 Be6 13. Ne5 Bg5+ 14. Kb1 0-0-0 15. Bd3 Rhe8 16. g3 Bd2 17. Re2 Ba5 18. c3 f6 19. Ng6 Bg4 20. Re7 Rxe7 21. Nxe7+ Kd7 22. Nf5 Bxf5 23. Bxf5+ Ke7 24. Bg6 Rd6 1/2-1/2

[Event "Los Angeles Metropolitan 20th"]
[Site "Los Angeles"]
[Date "2012.07.14"]
[Round "6"]
[White "Duckworth, William Mark"]
[Black "Matikozian, Andranik"]
[Result "1/2-1/2"]
[WhiteElo "2302"]
[BlackElo "2407"]
[PlyCount "89"]
[EventDate "2012.07.11"]
[EventType "tourn"]
[EventRounds "9"]
[EventCountry "USA"]
[EventCategory "1"]
[SourceTitle "CBM 149 Extra"]
[Source "ChessBase"]
[SourceDate "2012.08.24"]
[SourceVersion "1"]
[SourceVersionDate "2012.08.24"]
[SourceQuality "1"]

1. d4 Nf6 2. Bg5 Ne4 3. Bf4 c5 4. f3 Nf6 5. d5 Qb6 6. Bc1 e6 7. e4 exd5 8. exd5 Be7 9. c4 0-0 10. Nc3 Re8 11. Bd3 d6 12. Nge2 Nbd7 13. f4 Bf8 14. h3 g6 15. 0-0 Bg7 16. g4 Nf8 17. Ng3 h5 18. f5 hxg4 19. hxg4 N6h7 20. Kg2 Qd8 21. Nce4 Be5 22. Qf3 g5 23. Nh5 f6 24. Rb1 Qe7 25. Bd2 Nd7 26. Rfe1 Rf8 27. Qh3 Rf7 28. Re2 b5 29. b4 bxc4 30. Bxc4 Nb6 31. Qd3 cxb4 32. Bxb4 Qc7 33. Bb5 Bd7 34. Ba6 Bc8 35. Bb5 Bd7 36. Bxd7 Qxd7 37. Rc1 Rc8 38. Rxc8+ Nxc8 39. Rc2 Ne7 40. Qa6 Nxd5 41. Rc8+ Rf8 42. Rxf8+ Kxf8 43. Bxd6+ Bxd6 44. Nxd6 Nb4 45. Qc8+ 1/2-1/2

[Event "Pacific Southwest op 52nd"]
[Site "Woodland Hills"]
[Date "2012.07.01"]
[Round "5"]
[White "Azimova, Karina"]
[Black "Duckworth, William Mark"]
[Result "1/2-1/2"]
[WhiteElo "2050"]
[BlackElo "2302"]
[PlyCount "57"]
[EventDate "2012.06.30"]
[EventType "swiss"]
[EventRounds "5"]
[EventCountry "USA"]
[SourceTitle "EXT 2013"]
[Source "ChessBase"]
[SourceDate "2012.11.22"]
[SourceVersion "1"]
[SourceVersionDate "2012.11.22"]
[SourceQuality "1"]

1. e4 Nc6 2. Nf3 e6 3. d3 d5 4. Nbd2 Nf6 5. g3 b6 6. Bg2 Bb7 7. 0-0 Qd7 8. exd5 exd5 9. Re1+ Be7 10. Nf1 0-0 11. d4 Rad8 12. c3 Ne4 13. Bf4 f6 14. h4 Bd6 15. Bxd6 Qxd6 16. Rc1 f5 17. N1d2 f4 18. Nxe4 dxe4 19. Qb3+ Kh8 20. Ng5 e3 21. fxe3 f3 22. Qc2 g6 23. Nxf3 Nb4 24. cxb4 Bxf3 25. Qxc7 Qd5 26. Bxf3 Rxf3 27. Qe5+ Qxe5 28. dxe5 Rd2 29. Red1 1/2-1/2

[Event "Pacific Southwest op 52nd"]
[Site "Woodland Hills"]
[Date "2012.06.30"]
[Round "3"]
[White "Sheng, Joshua"]
[Black "Duckworth, William Mark"]
[Result "0-1"]
[WhiteElo "1925"]
[BlackElo "2302"]
[PlyCount "116"]
[EventDate "2012.06.30"]
[EventType "swiss"]
[EventRounds "5"]
[EventCountry "USA"]
[SourceTitle "EXT 2013"]
[Source "ChessBase"]
[SourceDate "2012.11.22"]
[SourceVersion "1"]
[SourceVersionDate "2012.11.22"]
[SourceQuality "1"]

1. e4 e6 2. d4 d5 3. Nd2 Nc6 4. Ngf3 Nf6 5. e5 Ne4 6. Bd3 Nxd2 7. Bxd2 Nb4 8. Bxb4 Bxb4+ 9. c3 Be7 10. 0-0 b6 11. Bb5+ Bd7 12. a4 a6 13. Be2 a5 14. Ne1 c5 15. Nc2 0-0 16. f4 f5 17. Na3 Bc6 18. dxc5 Bxc5+ 19. Kh1 Bxa3 20. Rxa3 Qd7 21. Qd4 Rab8 22. Rb3 Qc7 23. Bb5 Rfc8 24. Rd1 Bxb5 25. Rxb5 Qc4 26. Kg1 Qe2 27. Qd2 Qxd2 28. Rxd2 Rc5 29. Rb3 Kf7 30. Kf2 Ke7 31. Ke3 Kd7 32. Rd4 Kc6 33. Kd3 Rd8 34. Ra3 Kb7 35. Ra1 Rg8 36. g3 h6 37. Rf1 g5 38. Rf2 Rc7 39. Ke3 g4 40. Rf1 h5 41. Kf2 h4 42. Kg2 Rh8 43. Rh1 Rch7 44. Rdd1 hxg3 45. Kxg3 Rh3+ 46. Kg2 Re3 47. Rd2 Re4 48. Rf1 Rxa4 49. Rff2 Rh3 50. Rd1 Rc4 51. Rdd2 a4 52. Rc2 Kc6 53. Rcd2 Kb5 54. Rf1 a3 55. bxa3 Rcxc3 56. Rb2+ Rb3 57. Rff2 Ka4 58. Rfc2 Rhc3 0-1

[Event "Los Angeles Metropolitan 18th"]
[Site "Los Angeles"]
[Date "2012.04.15"]
[Round "8"]
[White "Duckworth, William Mark"]
[Black "Liou, Yian"]
[Result "1-0"]
[WhiteElo "2317"]
[BlackElo "2293"]
[PlyCount "113"]
[EventDate "2012.04.11"]
[EventType "tourn"]
[EventRounds "9"]
[EventCountry "USA"]
[EventCategory "2"]
[SourceTitle "CBM 148 Extra"]
[Source "ChessBase"]
[SourceDate "2012.06.22"]
[SourceVersion "1"]
[SourceVersionDate "2012.06.22"]
[SourceQuality "1"]

1. d4 d5 2. Nc3 Nf6 3. Bg5 c6 4. Qd2 Bf5 5. Bxf6 exf6 6. e3 Bd6 7. Bd3 Bxd3 8. cxd3 f5 9. Nge2 0-0 10. h3 Qg5 11. g3 Nd7 12. 0-0-0 b5 13. Rdg1 b4 14. Nd1 Rfc8 15. Kb1 a5 16. g4 a4 17. gxf5 Qxf5 18. h4 Nf8 19. f4 g6 20. h5 c5 21. hxg6 fxg6 22. Rg5 Qf7 23. dxc5 Rxc5 24. Nd4 Be7 25. Rg2 Ne6 26. f5 Nxd4 27. fxg6 hxg6 28. exd4 Rc6 29. Nf2 Bf8 30. Ng4 Bg7 31. Rgh2 Qf8 32. Qg5 Qf3 33. Ne5 Qf6 34. Qg2 Rd6 35. Rf1 Qe6 36. Nf7 Rf8 37. Nxd6 Rxf1+ 38. Qxf1 Qxd6 39. Rc2 Bxd4 40. Rc8+ Kg7 41. Qh1 Kf7 42. Qh7+ Bg7 43. Qg8+ Kf6 44. Qe8 Qe5 45. Qxe5+ Kxe5 46. Rg8 Kf6 47. Rb8 Kf5 48. Rxb4 g5 49. Kc2 g4 50. Kd1 d4 51. Ke2 Kf4 52. Rxa4 Kg3 53. Ra7 Bh6 54. Rh7 Bf8 55. a4 Bb4 56. Rh5 Kg2 57. a5 1-0

[Event "Los Angeles Metropolitan 18th"]
[Site "Los Angeles"]
[Date "2012.04.15"]
[Round "9"]
[White "Yankovsky, Roman"]
[Black "Duckworth, William Mark"]
[Result "1-0"]
[WhiteElo "2438"]
[BlackElo "2317"]
[PlyCount "67"]
[EventDate "2012.04.11"]
[EventType "tourn"]
[EventRounds "9"]
[EventCountry "USA"]
[EventCategory "2"]
[SourceTitle "CBM 148 Extra"]
[Source "ChessBase"]
[SourceDate "2012.06.22"]
[SourceVersion "1"]
[SourceVersionDate "2012.06.22"]
[SourceQuality "1"]

1. e4 e6 2. Nf3 d5 3. e5 Qd7 4. c3 b6 5. Bd3 c5 6. Qe2 Ne7 7. 0-0 c4 8. Bc2 a5 9. a4 Ng6 10. Na3 Bxa3 11. Rxa3 Ba6 12. Qe3 Qc7 13. h4 Nd7 14. Re1 Nc5 15. h5 Ne7 16. Qg5 0-0-0 17. Bb1 Nc6 18. Qg4 Nd7 19. Qxg7 Rhg8 20. Qxf7 Kb8 21. Nd4 Rdf8 22. Qxe6 Nd8 23. Qd6 Qxd6 24. exd6 Nf6 25. Re7 Nxh5 26. d3 Nf4 27. Bxf4 Rxf4 28. dxc4 dxc4 29. Bxh7 Rgf8 30. f3 R4f6 31. d7 Kc7 32. Ra1 Rh8 33. Rae1 Rh6 34. Bf5 1-0

[Event "Los Angeles Metropolitan 18th"]
[Site "Los Angeles"]
[Date "2012.04.14"]
[Round "7"]
[White "Duckworth, William Mark"]
[Black "Manukian, Garuch"]
[Result "1/2-1/2"]
[WhiteElo "2317"]
[BlackElo "2279"]
[PlyCount "84"]
[EventDate "2012.04.11"]
[EventType "tourn"]
[EventRounds "9"]
[EventCountry "USA"]
[EventCategory "2"]
[SourceTitle "CBM 148 Extra"]
[Source "ChessBase"]
[SourceDate "2012.06.22"]
[SourceVersion "1"]
[SourceVersionDate "2012.06.22"]
[SourceQuality "1"]

1. d4 Nf6 2. Bg5 e6 3. e4 h6 4. Bxf6 Qxf6 5. Nf3 d5 6. e5 Qd8 7. c3 c5 8. a3 Qb6 9. b4 cxb4 10. cxb4 Bd7 11. Nc3 Be7 12. Be2 0-0 13. 0-0 Nc6 14. Na4 Qd8 15. Re1 Qe8 16. Nc5 a5 17. b5 Nb8 18. a4 Bc8 19. Rc1 Nd7 20. Nxd7 Bxd7 21. Bd3 Rc8 22. Re2 Ba3 23. Rxc8 Qxc8 24. Qa1 Qc1+ 25. Qxc1 Bxc1 26. Rc2 Rc8 27. Rxc8+ Bxc8 28. Kf1 Kf8 29. Ke2 b6 30. Kd1 Ba3 31. Ne1 Ke7 32. Kc2 Bb4 33. Kd1 Bxe1 34. Kxe1 f5 35. f4 Bd7 36. Kf2 g6 37. g4 Kf7 38. Kg3 Kg7 39. Kh4 Be8 40. h3 Bf7 41. Kg3 Be8 42. h4 h5 1/2-1/2

[Event "Los Angeles Metropolitan 18th"]
[Site "Los Angeles"]
[Date "2012.04.13"]
[Round "4"]
[White "Akopyan, Harutyun"]
[Black "Duckworth, William Mark"]
[Result "1-0"]
[WhiteElo "2243"]
[BlackElo "2317"]
[PlyCount "53"]
[EventDate "2012.04.11"]
[EventType "tourn"]
[EventRounds "9"]
[EventCountry "USA"]
[EventCategory "2"]
[SourceTitle "CBM 148 Extra"]
[Source "ChessBase"]
[SourceDate "2012.06.22"]
[SourceVersion "1"]
[SourceVersionDate "2012.06.22"]
[SourceQuality "1"]

1. e4 e6 2. d4 d5 3. e5 b6 4. c3 Qd7 5. Nh3 c5 6. Nd2 cxd4 7. cxd4 Ne7 8. Nf4 g6 9. Nf3 Nf5 10. h4 h5 11. Bd3 Ba6 12. Bxf5 gxf5 13. a3 Nc6 14. Bd2 Bh6 15. Nxh5 Bxd2+ 16. Nxd2 Rxh5 17. Qxh5 0-0-0 18. Nb3 Rg8 19. Qf3 Kb7 20. 0-0-0 Bc4 21. Kb1 Rg4 22. h5 a5 23. h6 Ne7 24. h7 Ng6 25. h8Q Nxh8 26. Rxh8 Qb5 27. Nc1 1-0

[Event "Los Angeles Metropolitan 18th"]
[Site "Los Angeles"]
[Date "2012.04.12"]
[Round "3"]
[White "Duckworth, William Mark"]
[Black "Purcell, Brendan"]
[Result "1-0"]
[WhiteElo "2317"]
[BlackElo "2015"]
[PlyCount "60"]
[EventDate "2012.04.11"]
[EventType "tourn"]
[EventRounds "9"]
[EventCountry "USA"]
[EventCategory "2"]
[SourceTitle "CBM 148 Extra"]
[Source "ChessBase"]
[SourceDate "2012.06.22"]
[SourceVersion "1"]
[SourceVersionDate "2012.06.22"]
[SourceQuality "1"]

1. d4 e6 2. e4 d5 3. e5 c5 4. c3 Nc6 5. Nf3 Qb6 6. a3 cxd4 7. cxd4 Nh6 8. Nc3 Bd7 9. b4 a5 10. b5 Na7 11. Bd3 Nc8 12. 0-0 Ne7 13. Na4 Qd8 14. Bg5 b6 15. Qb3 Nhg8 16. Rac1 h6 17. Bh4 g5 18. Bg3 Nc8 19. h4 g4 20. Nh2 h5 21. f4 Be7 22. f5 Bxh4 23. Bxh4 Qxh4 24. Rxc8+ Rxc8 25. Nxb6 Rb8 26. Nxd7 Kxd7 27. b6 Ne7 28. Qb5+ Kd8 29. Qc5 Rc8 30. Qd6+ Ke8 1-0